| 000 | 00664cam a2200217 4500500 | ||
|---|---|---|---|
| 005 | 20260405003818.0 | ||
| 041 | _afre | ||
| 042 | _adc | ||
| 100 | 1 | 0 |
_aEnjalbert, Cédric _eauthor |
| 245 | 0 | 0 | _a“Van Gogh à Auvers-sur-Oise. Les derniers mois” : l’Auvers du décor |
| 260 | _c2023. | ||
| 500 | _a63 | ||
| 690 | _aAbstraction | ||
| 690 | _aEsthétique | ||
| 690 | _aFolie | ||
| 690 | _aJaspers | ||
| 690 | _aPeinture | ||
| 690 | _aVan Gogh | ||
| 786 | 0 | _nPhilosophie magazine | 175 | 12 | 2023-12-01 | p. 62-63 | 1951-1787 | |
| 856 | 4 | 1 | _uhttps://shs.cairn.info/magazine-philosophie-magazine-2023-12-1-page-62?lang=fr&redirect-ssocas=7080 |
| 999 |
_c2071048 _d2071048 |
||